00350nam a2200145Ia 4500003000400000005001700004008004100021040000900062082002000071100002100091245003400112260003600146300000900182650001300191OSt20201207144258.0190216s9999||||xx |||||||||||||| ||und|| coclc a894.8124bRAD/A aRadhakrishnan, C 0aAlochana / cC Radhakrishnan  bHi Tech Books , aKochi:c1995. a400p aLekhanam